Najpopularniejsi numery rapowe/trapowe w tym tygodniu. - Statystyki

Ogólne statystyki
  • Ten quiz został rozwiązany 33 razy
    30 od ostatniego zresetowania
  • Średni wynik to 9 z 15
Statystyki odpowiedzi
Artysta Piosenka % Poprawnych
Guzior feat. Oskar83 FALA
100%
Wiatr feat. Be vis & Sobel Testarossa
89%
Alberto Dwutakt
81%
Żabson feat. Young Leosia,Beteo,Borucci ULALA
81%
ReTo Billy Kid
78%
Kabe Nad ranem
70%
Wac Toja Kapitan
67%
Florek feat. Młodypago & Piluś Buzi
44%
Taco Hemingway POLSKIE TANGO
44%
chillwagon ziarnko do ziarnka
44%
Sobel Impreza
41%
Sobel feat. Michał Szczygieł Daj Mi Znać
37%
Słoń Wojna Totalna
33%
Paluch feat. DJ Taek Kaszel
30%
Szpaku Ośmiogwiazdkowy S*urwiel
15%
Nie znaleziono quizów pasujących do podanych kryteriów
Rozkład punktacji
Procent ludzi z każdym wynikiem
Percentyl według liczby udzielonych odpowiedzi
Twoja historia wyników
Nie rozwiązałeś tego quizu od ostatniego zresetowania